[Event "Dortmund Sparkassen op-B"]
[Site "Dortmund"]
[Date "2008.07.03"]
[Round "5"]
[White "Winter, Raphael"]
[Black "Monastyrjow, Witali"]
[Result "1/2-1/2"]
[WhiteElo "1596"]
[BlackElo "1502"]
[PlyCount "49"]
[EventDate "2008.06.30"]
[EventType "swiss"]
[EventRounds "9"]
[EventCountry "GER"]
[SourceTitle "EXT 2022"]
[Source "ChessBase"]
[SourceDate "2021.10.06"]
[SourceVersion "1"]
[SourceVersionDate "2021.10.06"]
[SourceQuality "1"]

1. e4 c5 2. d4 cxd4 3. c3 Nf6 4. e5 Nd5 5. Bc4 Nb6 6. Bb3 d5 7. cxd4 Nc6 8. Nc3 Bf5 9. g4 Bg6 10. h4 h5 11. f3 e6 12. g5 Bb4 13. Nge2 Nc8 14. Nf4 N8e7 15. Nxg6 Nxg6 16. Bc2 0-0 17. f4 Qb6 18. Be3 Nge7 19. Qxh5 g6 20. Qd1 Nf5 21. Bxf5 exf5 22. Kf2 Bxc3 23. bxc3 Na5 24. h5 Rac8 25. Rc1 1/2-1/2

[Event "Dortmund Sparkassen op-B"]
[Site "Dortmund"]
[Date "2008.07.01"]
[Round "2"]
[White "Bieberle, Gerhart"]
[Black "Winter, Raphael"]
[Result "1/2-1/2"]
[WhiteElo "1776"]
[BlackElo "1596"]
[PlyCount "107"]
[EventDate "2008.06.30"]
[EventType "swiss"]
[EventRounds "9"]
[EventCountry "GER"]
[SourceTitle "EXT 2022"]
[Source "ChessBase"]
[SourceDate "2021.10.06"]
[SourceVersion "1"]
[SourceVersionDate "2021.10.06"]
[SourceQuality "1"]

1. d4 Nf6 2. c4 g6 3. b3 Bg7 4. Bb2 0-0 5. e3 d6 6. Bd3 c5 7. dxc5 dxc5 8. Qc2 Nc6 9. a3 Qc7 10. h3 a6 11. Nf3 b6 12. Nc3 Rd8 13. 0-0 Bb7 14. Rad1 Rd7 15. Be2 Rad8 16. Rxd7 Rxd7 17. Rd1 Rxd1+ 18. Qxd1 Qd7 19. Na4 Qxd1+ 20. Bxd1 Nd7 21. Bxg7 Kxg7 22. Be2 Na5 23. Nd2 Bc6 24. Nc3 Nb7 25. f3 e6 26. Kf2 Nd6 27. g4 f5 28. g5 h6 29. h4 hxg5 30. hxg5 Kf7 31. f4 a5 32. Bf3 Bxf3 33. Nxf3 Ke7 34. Ke2 Kd8 35. Kd3 Kc7 36. e4 fxe4+ 37. Nxe4 Nxe4 38. Kxe4 Kd6 39. Nh4 Nf8 40. Ng2 Nd7 41. Ne3 Nb8 42. Ng4 Nc6 43. Nh6 Ke7 44. Ng8+ Kd6 45. Nf6 Ke7 46. Ng4 Kd6 47. Kd3 Kd7 48. Nf6+ Ke7 49. Ne4 Kd7 50. Nd2 Kd6 51. Nf3 e5 52. Ke4 exf4 53. Kxf4 Ke6 54. Nh4 1/2-1/2

[Event "Dortmund op-B"]
[Site "Dortmund"]
[Date "2007.06.23"]
[Round "2"]
[White "Winter, Raphael"]
[Black "Huebben, Dominik"]
[Result "1-0"]
[WhiteElo "1564"]
[BlackElo "1199"]
[PlyCount "45"]
[EventDate "2007.06.22"]
[EventType "swiss"]
[EventRounds "9"]
[EventCountry "GER"]
[SourceTitle "EXT 2008"]
[Source "ChessBase"]
[SourceDate "2007.11.25"]
[SourceVersion "1"]
[SourceVersionDate "2007.11.25"]
[SourceQuality "1"]

1. e4 Nf6 2. e5 Nd5 3. Nc3 e6 4. Nxd5 exd5 5. d4 Nc6 6. Nf3 d6 7. Bb5 Bd7 8. 0-0 Nxe5 9. dxe5 Bxb5 10. Re1 Be7 11. Qxd5 Bc6 12. Qd3 Bxf3 13. Qxf3 c6 14. exd6 Qxd6 15. Bg5 f6 16. Bf4 Qc5 17. Qe4 Rd8 18. b4 f5 19. Qe6 Qxb4 20. Rab1 Qc5 21. Rxb7 Kf8 22. Rxe7 Qd5 23. Re8+ 1-0

[Event "Dortmund Sparkassen op-B"]
[Site "Dortmund"]
[Date "2006.08.05"]
[Round "8"]
[White "Winter, Raphael"]
[Black "Bagusat, Thomas"]
[Result "0-1"]
[WhiteElo "1459"]
[BlackElo "1696"]
[PlyCount "55"]
[EventDate "2006.07.28"]
[EventType "swiss"]
[EventRounds "9"]
[EventCountry "GER"]
[SourceTitle "CBM 113 Extra"]
[Source "ChessBase"]
[SourceDate "2006.09.14"]
[SourceVersion "1"]
[SourceVersionDate "2006.09.14"]
[SourceQuality "1"]

1. d4 Nf6 2. c4 g6 3. Nc3 Bg7 4. Nf3 d6 5. e4 0-0 6. Be2 c5 7. d5 e6 8. 0-0 exd5 9. exd5 Nbd7 10. h3 Nb6 11. Be3 h6 12. Qd2 Kh7 13. a4 Ng8 14. a5 Nd7 15. Nb5 Ne5 16. Nxe5 Bxe5 17. Bf4 a6 18. Bxe5 axb5 19. Bg3 bxc4 20. Bxc4 f5 21. b4 g5 22. f4 Nf6 23. fxg5 Ne4 24. Qd3 hxg5 25. bxc5 dxc5 26. Qf3 Kh6 27. Be1 Qf6 28. Ra2 0-1

[Event "Dortmund Sparkassen op-B"]
[Site "Dortmund"]
[Date "2006.08.04"]
[Round "7"]
[White "Matthias, Kurt"]
[Black "Winter, Raphael"]
[Result "1/2-1/2"]
[WhiteElo "1642"]
[BlackElo "1459"]
[PlyCount "60"]
[EventDate "2006.07.28"]
[EventType "swiss"]
[EventRounds "9"]
[EventCountry "GER"]
[SourceTitle "CBM 113 Extra"]
[Source "ChessBase"]
[SourceDate "2006.09.14"]
[SourceVersion "1"]
[SourceVersionDate "2006.09.14"]
[SourceQuality "1"]

1. e4 c5 2. Nf3 d6 3. d4 cxd4 4. Nxd4 Nf6 5. Nc3 a6 6. Be2 e5 7. Nb3 Be6 8. Bg5 Nbd7 9. 0-0 Be7 10. Be3 0-0 11. Kh1 b5 12. f3 Nb6 13. Bxb6 Qxb6 14. Bd3 Rac8 15. Qe2 Nh5 16. g3 Nf6 17. Rad1 Rfd8 18. Nd5 Bxd5 19. exd5 Nxd5 20. Bxh7+ Kxh7 21. Qe4+ Kg8 22. Rxd5 Qc6 23. c3 Qc4 24. Qxc4 Rxc4 25. Nd2 Rc6 26. Rd1 Rc5 27. Nb3 Rxd5 28. Rxd5 f6 29. Nd2 Kf7 30. b3 Ke6 1/2-1/2

[Event "Dortmund Sparkassen op-B"]
[Site "Dortmund"]
[Date "2006.07.28"]
[Round "1"]
[White "Winter, Raphael"]
[Black "Glienke, Norbert"]
[Result "1-0"]
[WhiteElo "1459"]
[BlackElo "1720"]
[PlyCount "79"]
[EventDate "2006.07.28"]
[EventType "swiss"]
[EventRounds "9"]
[EventCountry "GER"]
[SourceTitle "CBM 113 Extra"]
[Source "ChessBase"]
[SourceDate "2006.09.14"]
[SourceVersion "1"]
[SourceVersionDate "2006.09.14"]
[SourceQuality "1"]

1. d4 Nf6 2. c4 e5 3. dxe5 Ng4 4. Nf3 Bc5 5. e3 Nc6 6. a3 a5 7. b3 Ngxe5 8. Nxe5 Nxe5 9. Bb2 Qe7 10. Be2 Ra6 11. 0-0 Rg6 12. Nd2 d6 13. g3 h5 14. Kg2 h4 15. Rh1 h3+ 16. Kg1 Qf6 17. Ne4 Nf3+ 18. Bxf3 Qxb2 19. Nxc5 dxc5 20. a4 Bg4 21. Bxg4 Rxg4 22. Rb1 Qe5 23. Qxg4 f5 24. Qf4 Qe6 25. Rd1 0-0 26. Kf1 Qc6 27. Rg1 Qb6 28. Rd3 Qf6 29. Qf3 g5 30. Qd1 Rf7 31. Rd8+ Kg7 32. Rd7 Kg6 33. Rxf7 Kxf7 34. Ke2 Qb2+ 35. Qd2 Qxb3 36. Qd5+ Kf6 37. Rd1 g4 38. Qxc5 Qc2+ 39. Rd2 Qe4 40. Qd4+ 1-0

[Event "Dortmund op-B"]
[Site "Dortmund"]
[Date "2005.07.17"]
[Round "9"]
[White "Liu, Yi Nan Julian"]
[Black "Winter, Raphael"]
[Result "1/2-1/2"]
[WhiteElo "1402"]
[BlackElo "1286"]
[PlyCount "43"]
[EventDate "2005.07.08"]
[EventType "swiss"]
[EventRounds "9"]
[EventCountry "GER"]
[SourceTitle "CBM 107 Extra"]
[Source "ChessBase"]
[SourceDate "2005.09.01"]
[SourceVersion "1"]
[SourceVersionDate "2005.09.01"]
[SourceQuality "1"]

1. e4 c5 2. Nf3 d6 3. d4 cxd4 4. Nxd4 a6 5. Nc3 e5 6. Nf3 Be6 7. g3 Nf6 8. Bg2 Nbd7 9. 0-0 Be7 10. b3 0-0 11. Bb2 b5 12. Ng5 h6 13. Nxe6 fxe6 14. a3 Qb6 15. Qe2 Rfe8 16. Kh1 Rac8 17. Rad1 Nf8 18. Rfe1 Rcd8 19. f3 Rd7 20. Qe3 Qxe3 21. Rxe3 Rc7 22. Red3 1/2-1/2

[Event "Dortmund op-B"]
[Site "Dortmund"]
[Date "2005.07.16"]
[Round "8"]
[White "Winter, Raphael"]
[Black "Huemmecke, Aaron"]
[Result "1-0"]
[WhiteElo "1286"]
[BlackElo "887"]
[PlyCount "81"]
[EventDate "2005.07.08"]
[EventType "swiss"]
[EventRounds "9"]
[EventCountry "GER"]
[SourceTitle "CBM 107 Extra"]
[Source "ChessBase"]
[SourceDate "2005.09.01"]
[SourceVersion "1"]
[SourceVersionDate "2005.09.01"]
[SourceQuality "1"]

1. d4 d5 2. e3 Nf6 3. c4 Bf5 4. cxd5 Qxd5 5. Nc3 Qa5 6. Bd2 Qb6 7. Na4 Qd6 8. a3 Ne4 9. Bb4 Qf6 10. Nc3 Bg6 11. Nf3 Nc6 12. Nd5 Qf5 13. Nxc7+ Kd8 14. Nxa8 Bh5 15. Be2 Kc8 16. Rc1 g5 17. 0-0 g4 18. Nd2 Kb8 19. Nxe4 Qxe4 20. Re1 Rg8 21. g3 f6 22. Bd3 Qd5 23. Bc4 Nxb4 24. Bxd5 Nxd5 25. Qc2 Bh6 26. Qxh7 Rc8 27. Rxc8+ Kxc8 28. Rc1+ Kd7 29. Qxh6 Bf7 30. Qh8 Ke6 31. Qc8+ Kd6 32. Nc7 Nxc7 33. Qxc7+ Ke6 34. Qc8+ Kd5 35. Rc5+ Ke4 36. Qxg4+ Kd3 37. Rc3+ Kd2 38. Qe4 f5 39. Rc2+ Ke1 40. Qd3 Bh5 41. Qd2# 1-0

[Event "Dortmund op-B"]
[Site "Dortmund"]
[Date "2005.07.15"]
[Round "7"]
[White "Winter, Raphael"]
[Black "Heimer, Hans Joachim"]
[Result "0-1"]
[WhiteElo "1286"]
[BlackElo "1685"]
[PlyCount "42"]
[EventDate "2005.07.08"]
[EventType "swiss"]
[EventRounds "9"]
[EventCountry "GER"]
[SourceTitle "CBM 107 Extra"]
[Source "ChessBase"]
[SourceDate "2005.09.01"]
[SourceVersion "1"]
[SourceVersionDate "2005.09.01"]
[SourceQuality "1"]

1. d4 Nf6 2. c4 d6 3. Nc3 g6 4. e3 Bg7 5. Nf3 0-0 6. Be2 Nbd7 7. 0-0 e5 8. dxe5 dxe5 9. e4 c6 10. Bg5 Qc7 11. Qc2 Nc5 12. Be3 Ne6 13. h3 Nf4 14. Bxf4 exf4 15. Rfd1 Be6 16. Ng5 Rfe8 17. Nxe6 Rxe6 18. f3 Nh5 19. Rac1 Ng3 20. Nb1 Qb6+ 21. Kh2 Bxb2 0-1